| 000 | 00718nam a2200241 a 4500 | ||
|---|---|---|---|
| 001 | 3045 | ||
| 003 | BD-RjUL | ||
| 005 | 20211208233650.0 | ||
| 008 | 131218s1953 ilu b 001 0 eng d | ||
| 035 | _a(BD-RjUL)3079 | ||
| 040 |
_aNWU _beng _cNWU _dNNCU:A _dBD-RjUL |
||
| 041 | _aeng | ||
| 082 | 1 | 4 |
_a335.430947 _219 _bTOI 1953 |
| 100 | 1 |
_aTomasic, Dinko. _99682 |
|
| 245 | 1 | 4 |
_aThe impact of Russian culture on Soviet communism / _cby Dinko Tomasic. |
| 260 |
_aGlencoe : _bFree Press, _c1953. |
||
| 300 |
_a287 p. ; _c22 cm. |
||
| 500 | _aIncludes index. | ||
| 504 | _aBibliography: p. 257-277. | ||
| 650 | 0 |
_aCommunism _zSoviet Union. _99683 |
|
| 650 | 0 |
_aCommunism and culture _zSoviet Union. _99684 |
|
| 942 |
_2ddc _cBK |
||
| 999 |
_c3045 _d3045 |
||